[Event "Leitersdorf Region-ch"]
[Site "Leitersdorf"]
[Date "2017.01.08"]
[Round "5.20"]
[White "Schernthaner, Markus"]
[Black "Krispel, Ferdinand"]
[Result "1/2-1/2"]
[WhiteElo "1339"]
[BlackElo "1744"]
[PlyCount "50"]
[EventDate "2017.01.04"]
[EventType "swiss"]
[EventRounds "5"]
[EventCountry "AUT"]
[SourceTitle "EXT 2024"]
[Source "ChessBase"]
[SourceDate "2023.10.10"]
[SourceVersion "1"]
[SourceVersionDate "2023.10.10"]
[SourceQuality "1"]

1. e4 d6 2. d4 g6 3. Nf3 Bg7 4. Be3 Nf6 5. Bd3 0-0 6. h3 b6 7. Nc3 Bb7 8. Qd2 Nbd7 9. 0-0 e5 10. d5 Nc5 11. b4 Nxd3 12. Qxd3 Nh5 13. Ne2 f5 14. exf5 gxf5 15. Ng5 e4 16. Qd2 Bc8 17. Rac1 Qe7 18. Nd4 Bxd4 19. Bxd4 h6 20. Ne6 Bxe6 21. Qxh6 Nf6 22. dxe6 Qxe6 23. Qg6+ Kh8 24. Qh6+ Kg8 25. Qg6+ Kh8 1/2-1/2

[Event "Leitersdorf Region-ch"]
[Site "Leitersdorf"]
[Date "2014.01.04"]
[Round "3"]
[White "Prato, Simon"]
[Black "Krispel, Ferdinand"]
[Result "1-0"]
[WhiteElo "1513"]
[BlackElo "1716"]
[PlyCount "77"]
[EventDate "2014.01.02"]
[EventType "swiss"]
[EventRounds "5"]
[EventCountry "AUT"]
[SourceTitle "CBM 158 Extra"]
[Source "ChessBase"]
[SourceDate "2014.02.28"]
[SourceVersion "1"]
[SourceVersionDate "2014.02.28"]
[SourceQuality "1"]

1. e4 c6 2. c4 d6 3. d4 g6 4. Nc3 Bg7 5. Nf3 Nf6 6. Bd3 0-0 7. 0-0 Bg4 8. Bc2 Nbd7 9. h3 Bxf3 10. Qxf3 c5 11. Be3 cxd4 12. Bxd4 e5 13. Be3 a6 14. Rfd1 Qc7 15. Qe2 Rac8 16. Bb3 Nc5 17. Bc2 Qc6 18. Bg5 Rfe8 19. b3 Ncd7 20. Rd2 Re6 21. Rad1 b5 22. Nd5 bxc4 23. bxc4 Qxc4 24. Qxc4 Rxc4 25. Bb3 Rxe4 26. Nxf6+ Rxf6 27. Bxf6 Bxf6 28. Rxd6 Nc5 29. Rxf6 Nxb3 30. axb3 a5 31. Ra6 Rb4 32. Rxa5 Rxb3 33. Rxe5 Kg7 34. Rd7 h5 35. Ree7 g5 36. Rxf7+ Kg6 37. Rg7+ Kh6 38. Rb7 Rc3 39. Rgc7 1-0

[Event "Leitersdorf Region-ch"]
[Site "Leitersdorf"]
[Date "2014.01.03"]
[Round "2"]
[White "Krispel, Ferdinand"]
[Black "Zach, Hannes"]
[Result "1/2-1/2"]
[WhiteElo "1716"]
[BlackElo "1570"]
[PlyCount "63"]
[EventDate "2014.01.02"]
[EventType "swiss"]
[EventRounds "5"]
[EventCountry "AUT"]
[SourceTitle "CBM 158 Extra"]
[Source "ChessBase"]
[SourceDate "2014.02.28"]
[SourceVersion "1"]
[SourceVersionDate "2014.02.28"]
[SourceQuality "1"]

1. e4 d5 2. exd5 Qxd5 3. Nc3 Qd6 4. d3 Nf6 5. Nf3 a6 6. Be2 e6 7. 0-0 b5 8. Be3 Bb7 9. Qd2 c5 10. Ng5 Be7 11. Bf3 Bxf3 12. Nxf3 Nbd7 13. Rad1 0-0 14. Rfe1 Rfd8 15. Bf4 Qb6 16. h3 Bd6 17. Bxd6 Qxd6 18. Qe2 Nd5 19. Ne4 Qe7 20. Ng3 Qf6 21. c3 Nf4 22. Qe3 Ng6 23. Nh5 Qe7 24. Nf4 Nxf4 25. Qxf4 Nf6 26. Ne5 Rac8 27. Qf3 Qc7 28. Qe2 Rd6 29. g4 Nd7 30. Qf3 Nxe5 31. Rxe5 h6 32. Re3 1/2-1/2

[Event "Leitersdorf Region-ch"]
[Site "Leitersdorf"]
[Date "2014.01.02"]
[Round "1"]
[White "Almer, Gerald"]
[Black "Krispel, Ferdinand"]
[Result "1-0"]
[WhiteElo "2114"]
[BlackElo "1716"]
[PlyCount "45"]
[EventDate "2014.01.02"]
[EventType "swiss"]
[EventRounds "5"]
[EventCountry "AUT"]
[SourceTitle "CBM 158 Extra"]
[Source "ChessBase"]
[SourceDate "2014.02.28"]
[SourceVersion "1"]
[SourceVersionDate "2014.02.28"]
[SourceQuality "1"]

1. e4 c6 2. d4 d5 3. e5 Bf5 4. Nf3 h6 5. Be2 e6 6. 0-0 Nd7 7. c3 Rc8 8. b4 Ne7 9. Nbd2 Ng6 10. Nb3 Be7 11. Be3 Bg5 12. Nxg5 hxg5 13. g4 Be4 14. f3 Nf4 15. fxe4 Rh3 16. Qd2 Ke7 17. Bxf4 gxf4 18. Qxf4 Qh8 19. Qxf7+ Kd8 20. Nc5 Nxc5 21. bxc5 Qh6 22. Qf8+ Kc7 23. Qd6# 1-0

[Event "Leitersdorf Region-ch"]
[Site "Leitersdorf"]
[Date "2012.01.03"]
[Round "1"]
[White "Krispel, Ferdinand"]
[Black "Matosec, Thomas"]
[Result "0-1"]
[WhiteElo "1653"]
[BlackElo "2070"]
[PlyCount "76"]
[EventDate "2012.01.03"]
[EventType "swiss"]
[EventRounds "5"]
[EventCountry "AUT"]
[SourceTitle "EXT 2013"]
[Source "ChessBase"]
[SourceDate "2012.11.22"]
[SourceVersion "1"]
[SourceVersionDate "2012.11.22"]
[SourceQuality "1"]

1. e4 e6 2. d4 d5 3. exd5 exd5 4. Nf3 Nc6 5. Bd3 Bd6 6. 0-0 Nge7 7. c3 Bg4 8. Be3 Qd7 9. Nbd2 0-0 10. Qc2 Bf5 11. Nh4 Bxd3 12. Qxd3 Rae8 13. Rfe1 Nd8 14. h3 c6 15. Re2 f6 16. Nf1 Bb8 17. Rae1 Nf7 18. Bc1 Nd6 19. Ng3 f5 20. Bg5 Ne4 21. Bxe7 Rxe7 22. Ngxf5 Ref7 23. g4 Qc7 24. Nf3 Qf4 25. Ne5 g6 26. Rxe4 dxe4 27. Rxe4 Qc1+ 28. Kg2 Bxe5 29. Rxe5 gxf5 30. gxf5 Qg5+ 31. Kf1 Rxf5 32. Qc4+ Kg7 33. Rxf5 Qxf5 34. Qe2 Qxh3+ 35. Ke1 Qh1+ 36. Kd2 Qh6+ 37. Kc2 Qf6 38. Qg4+ Qg6+ 0-1